00629nam a2200181 i 450000100060000000300090000600500170001500700030003200800410003510000200007624500830009625000150017926000600019430000220025485200320027699900170030895201220032538431ES-MaACL20230906155745.0t|030225s1972 sp ||||1| spa d1 aCabo, J.93323010aBacteriología y potabilidad del agua Cabo de la Puente Catalán /cJ. Cabo. a[1ª ed.]. a[S.l. : bs.n., c1972] (eMadrid : fImp. de la Bolsa) a268 p. ; c22 cm. aES-MaACLjC-46266 bR.83386 c38431d38431 00104070aATENEOMbATENEOMcDEPO2d2008-01-17eSCl0oC-46266p1040462r2023-02-23 00:00:00w2023-02-23yMONOGRAFIA